| 000 | 00398nam a2200157 i 4500 | ||
|---|---|---|---|
| 001 | bg | ||
| 245 | 0 |
_aSystemy interfejsu w miernictwie : _bpraca zbiorowa / _cpod kier. W. Nowakowskiego. |
|
| 260 |
_aWarszawa, _c1987. |
||
| 650 | 9 | _aPomiary | |
| 650 | 9 | _aUkłady cyfrowe | |
| 040 | _cBPK | ||
| 041 | _apol | ||
| 080 | _a621.317:681.32 | ||
| 942 | _cKS | ||
| 008 | s pl f |000 0 pol | ||
| 999 |
_c3596 _d3596 |
||
| 856 |
_uhttp://koha.tu.koszalin.pl/cgi-bin/koha/opac-detail.pl?biblionumber=3596 _yKatalog online BPK |
||